| 000 | 01070cam a2200277 4500 | ||
|---|---|---|---|
| 001 | sa 68016561 | ||
| 003 | DLC | ||
| 005 | 20260227112655.0 | ||
| 008 | 700810s1963 ii a 000 0 eng | ||
| 010 | _asa 68016561 | ||
| 025 | _aPL480:I-E-9608 | ||
| 040 |
_aDLC _cDLC _dDLC |
||
| 043 | _aa-ii--- | ||
| 050 | 0 | 0 |
_aSD88.B4 _bA44 1963e |
| 082 | 0 | 0 | _a634.9/28/095412 |
| 110 | 1 |
_aBihar, India (State). _bForest Department. _bWorking Plans Division. _bNorthern Circle. |
|
| 245 | 1 | 0 |
_aRevised working plan for the Santhal Parganas Division, 1955-56 to 1964-65. _cCompiled by B. N. Prasad, Working Plans Officer, Northern Circle, under the direction of the Chief Conservator of Forests, Bihar. |
| 260 |
_aPatna, _bPrinted by the Superintendent, Secretariat Press, Bihar, _c1963. |
||
| 300 |
_av, 2, ii, 5, 162 p. _billus. _c30 cm. |
||
| 350 | _a10.50 | ||
| 500 | _aCover title. | ||
| 650 | 0 |
_aForests and forestry _zIndia _zBihar (State) |
|
| 650 | 0 | _aForest management. | |
| 700 | 1 |
_aPrasad, Baidya Nath, _d1915- |
|
| 710 | 1 |
_aBihar, India (State). _bForest Department. |
|
| 999 |
_c87178 _d87178 |
||